Countries in Their Own Alphabet - Statistics

General Stats
  • This quiz has been taken 48,193 times
    48,172 since last reset
  • The average score is 9 of 20
Answer Stats
their alphabet English script % Correct
Россия Rossiya Russia
89%
日本 Nihon Japan
81%
Ελλάδα Elláda Greece
77%
대한민국 Daehanminguk South Korea
77%
Қазақстан Qazaqstan Kazakhstan
73%
יִשְׂרָאֵל Yisra'el Israel
66%
ایران Iran Iran
62%
Кыргызстан Kyrgyzstan Kyrgyzstan
56%
България B'lgariya Bulgaria
48%
नेपाल Ne'pal Nepal
36%
भारत ; భారతదేశం Bharat; Bharatadeśaṁ India
35%
ኢትዮጵያ ʾItyoppya Ethiopia
30%
ប្រទេស​កម្ពុជា Kampuchea Cambodia
29%
საქართველო Sakartvelo Georgia
29%
Հայաստան Hayastan Armenia
24%
ລາວ Lao Laos
24%
ශ්‍රී ලංකාව ; இலங்கை Sri Lamka; Ilankai Sri Lanka
24%
Lmaghrib; al-Maghrib Morocco
20%
འབྲུག་རྒྱལ་ Dru Ü Bhutan
19%
ሃገረ ኤርትራ Eretra Eritrea
18%
No matching quizzes found
Score Distribution
Percent of People with Each Score
Percentile by Number Answered
Your Score History
You have not taken this quiz since the last reset